Moodle 4 E-Learning Course Development (Record no. 364922)

MARC details
000 -LEADER
fixed length control field 00386 a2200157 4500
005 - DATE AND TIME OF LATEST TRANSACTION
control field 20250130132529.0
008 - FIXED-LENGTH DATA ELEMENTS--GENERAL INFORMATION
fixed length control field 250130b |||||||| |||| 00| 0 eng d
020 ## - INTERNATIONAL STANDARD BOOK NUMBER
International Standard Book Number 9781801079037
082 ## - DEWEY DECIMAL CLASSIFICATION NUMBER
Classification number 720.6/NAS
100 ## - MAIN ENTRY--PERSONAL NAME
Author Nash S S
245 ## - TITLE STATEMENT
Title Moodle 4 E-Learning Course Development
250 ## - EDITION STATEMENT
Edition statement 5th ed
260 ## - PUBLICATION, DISTRIBUTION, ETC.
Name of publisher, distributor, etc. Packt
Date of publication, distribution, etc. 2022
Place of publication, distribution, etc. Mumbai
300 ## - PHYSICAL DESCRIPTION
Extent 416p
Other physical details PB
942 ## - ADDED ENTRY ELEMENTS (KOHA)
Koha item type Books
Holdings
Withdrawn status Lost status Source of classification or shelving scheme Damaged status Not for loan Collection code Home library Current library Date acquired Vendor Net Price Full call number Barcode Date last seen Actual Price Bill Date Koha item type
    Dewey Decimal Classification     Book of B Arch Dr. Bhanuben Nanavati College of Architecture Dr. Bhanuben Nanavati College of Architecture 30/01/2025 169 2924.25 720.6/NAS BNCA-BK-13043 30/01/2025 3899.00 21/01/2025 Reference book